000
00253nam a2200097Ia 4500
001
639823
005
20250826153435.0
008
250824s9999 xx 000 0 und d
245
0
_a
Ece Yüce/Ece Kümese Girip Bitlendi
_c
Gülten Dayıoğlu
260
_b
ALTIN
999
_c
639823
_d
639823